[Event "ISEM GM URLA-CESMEALTI 2017"]
[Site "URLA"]
[Date "2017.03.08"]
[Round "1"]
[White "Mirzoev, Azer"]
[Black "Erdogdu, Mert"]
[Result "1-0"]
[WhiteElo "2554"]
[BlackElo "2456"]
[Annotator "TA"]
[PlyCount "67"]
[EventDate "2017.??.??"]
[EventType "schev"]
[EventCountry "TUR"]
[SourceTitle "playchess.com"]
[Source "ChessBase"]
[SourceQuality "1"]

{[%evp 27,67,40,47,45,44,27,41,44,37,34,35,26,34,38,52,58,53,54,44,33,50,40,38,34,34,12,12,0,8,0,13,4,10,-9,0,-20,63,60,144,141,248,224]} 1. d4 Nf6 2. c4 e6 3. Nf3 c5 4. Nc3 cxd4 5. Nxd4 Nc6 6. Ndb5 Bc5 7. Bf4 O-O 8. Bc7 Qe7 9. Bd6 Bxd6 10. Qxd6 Ne8 {A33: Englische Eröffnung (Symmetrische Variante)} 11. Qxe7 Nxe7 12. O-O-O d5 13. cxd5 exd5 14. e3 (14. g3 a6 15. Nd4 Nf6 16. Bg2 Ng4 17. Rdf1 Nf6 18. h3 {1-0 (45) Grigoryan,K (2571)-Xu,X (2477) Roquetas de Mar 2017}) 14... a6 {LiveBook: 3 Partien} 15. Nd4 Bd7 $146 (15... Nf6 16. Bd3 Bd7 17. b3 g6 18. f3 {0-1 (126) Dizdar,G (2564)-Hulak,K (2552) Split 2008}) 16. Be2 Rc8 17. Kb1 Nf6 18. Bf3 Rfd8 19. a3 Kf8 20. Rd2 g5 21. g3 a5 22. h4 h6 23. hxg5 hxg5 24. Rhd1 b6 25. Ka1 Kg7 26. Bg2 Rh8 {[%cal Bd8h8,Bh8h5,Bh5h2][%mdl 32]} 27. Nf3 Bg4 28. Rg1 Rh5 29. Nd4 $36 {[%mdl 2048] Weiss kämpft um Vorteil.} Rh2 30. Ka2 Bd7 31. Kb3 Rc4 (31... Be6 $11) 32. Nf3 $1 $14 {[%csl LRg5,LRh2][%cal Rf3h2]} a4+ (32... Rh8 $1 $14) 33. Ka2 $16 d4 (33... Rh6 $16 {war angesagt.}) 34. Nxh2 ({Viel schwächer ist} 34. exd4 $6 Rxg2 35. Rxg2 Bc6 $16) ({Jedoch nicht} 34. Rxd4 $6 Rxd4 35. exd4 Rxg2 36. Rxg2 Bc6 $16) 1-0

[Event "ISEM GM URLA-CESMEALTI 2017"]
[Site "URLA"]
[Date "2017.03.08"]
[Round "1"]
[White "Nevednichy, Vladislav"]
[Black "Kanmazalp, Ogulcan"]
[Result "1/2-1/2"]
[WhiteElo "2547"]
[BlackElo "2439"]
[Annotator "TA"]
[PlyCount "91"]
[EventDate "2017.??.??"]
[EventType "schev"]
[EventCountry "TUR"]
[SourceTitle "playchess.com"]
[Source "ChessBase"]
[SourceQuality "1"]

{[%evp 7,91,4,8,-3,27,9,12,6,22,8,11,10,12,6,11,-41,0,0,16,16,21,0,8,0,0,0,23,25,12,0,6,-4,0,0,0,0,0,-10,-7,-11,-7,-28,-22,-22,-24,-25,-8,-15,0,0,0,0,0,0,0,-9,0,-31,0,-8,-8,-27,36,0,7,-93,0,0,0,-8,0,0,0,0,0,0,0,0,-13,-31,0,0,0,0,0,0]} 1. d4 d5 2. Bf4 Nf6 3. e3 c5 4. c3 Nc6 5. Nd2 {D00: 1 d4 d5: Unusual lines} cxd4 (5... e6 6. Ngf3 Bd6 7. Bg3 O-O 8. Bb5 a6 9. Bxc6 bxc6 10. Qa4 Rb8 11. Qa3 Bxg3 12. hxg3 cxd4 13. cxd4 a5 14. O-O Qb6 15. b3 Ba6 {1-0 (24) Carlsen,M (2840)-Anand,V (2779) Doha 2016}) 6. exd4 Bf5 7. Ngf3 a6 8. Nh4 Bg4 9. Be2 $146 (9. Nhf3 e6 10. Be2 Be7 11. Ne5 Bxe2 12. Qxe2 Rc8 13. O-O O-O 14. Qd3 Nxe5 15. Bxe5 {½-½ (65) Mitrovic,S (2060)-Pejovic,J (2196) Cetinje 2009}) 9... Bxe2 10. Qxe2 e6 11. g4 ({White should play} 11. O-O $11) 11... Be7 12. g5 Ne4 13. Nxe4 dxe4 14. Qxe4 Bxg5 15. Bxg5 Qxg5 16. Nf3 Qd5 17. Qxd5 exd5 18. Rg1 g6 19. Rg5 Rd8 20. Kd2 f6 21. Rg3 Kf7 22. Ne1 Ne7 23. Nd3 Nf5 24. Rgg1 Rhe8 25. Rge1 g5 26. Nc5 Nd6 27. Kd3 a5 28. b3 Rxe1 29. Rxe1 $11 {[%mdl 4096] Endgame KRN-KRN} Rc8 30. f3 h5 31. Na4 Rc6 32. Nb2 b5 {[%cal Bb7b5,Bb5b4][%mdl 32]} 33. a4 b4 34. c4 g4 (34... Nf5 $11) 35. Rf1 {With the idea c5.} Kg6 36. Rf2 {[#]} (36. Rg1 $11 {remains equal.}) 36... Nf5 (36... Kg5 $1 $17) 37. fxg4 ({Of course not} 37. cxd5 Rc3+ 38. Ke4 Nd6+ 39. Kf4 Rxb3 40. fxg4 hxg4 41. Kxg4 Re3 $17) 37... hxg4 38. Nd1 $1 ({But not} 38. cxd5 Rc3+ 39. Ke4 Nd6+ 40. Kf4 Rxb3 41. Kxg4 Re3 $17) 38... Rd6 {Strongly threatening ...dxc4+.} 39. cxd5 Rxd5 {Threatens to win with ...Kg5.} 40. Rf4 Kg5 41. Re4 $1 Rd8 42. Nf2 Nh6 43. Re6 Nf5 44. Re4 {The position is equal.} Nh6 45. Re6 Nf5 46. Re4 1/2-1/2

[Event "ISEM GM URLA-CESMEALTI 2017"]
[Site "URLA"]
[Date "2017.03.08"]
[Round "1"]
[White "Khamrakulov, Djurabek"]
[Black "Gokerkan, Cem Kaan"]
[Result "1-0"]
[WhiteElo "2437"]
[BlackElo "2275"]
[Annotator "TA"]
[PlyCount "95"]
[EventDate "2017.??.??"]
[EventType "schev"]
[EventCountry "TUR"]
[SourceTitle "playchess.com"]
[Source "ChessBase"]
[SourceQuality "1"]

{[%evp 22,95,67,63,121,124,128,127,207,115,106,108,107,108,119,108,104,108,108,110,162,162,190,194,194,203,211,211,216,215,313,288,311,314,301,294,328,329,339,343,331,322,481,467,458,444,408,399,483,483,1164,958,883,668,1204,1110,915,843,2764,1655,4658,4616,3719,2510,1954,1902,1453,1412,1451,5281,7782,7314,5648,5595,29979,29985]} 1. d4 Nf6 2. Nf3 e6 3. g3 c5 4. Bg2 cxd4 5. Nxd4 d5 6. O-O Be7 7. c4 O-O 8. cxd5 Nxd5 9. Nc3 Nc6 10. Nxd5 exd5 11. Be3 Bf6 12. Rc1 {LiveBook: 16 Partien. A34: Englische Eröffnung (Symmetrische Variante)} Ne5 ({Lieber} 12... Bxd4 $14 13. Bxd4 Be6) (12... Nxd4 13. Bxd4 Be6 14. e3 Bxd4 15. Qxd4 Qb6 16. Rfd1 Rfd8 17. Rc5 g6 18. h4 h5 19. b3 Rd6 {1-0 (62) Cramling,P (2444)-Worek,J (2360) Baku 2016}) 13. Nb5 $16 Nc4 14. Bc5 {Weiß steht besser.} ({Viel schwächer wäre} 14. Qxd5 $6 Nxe3 15. Qxd8 Rxd8 $11) 14... Nxb2 {[#]} (14... Bxb2 $16 15. Bxf8 Bxc1) 15. Qxd5 (15. Qb3 $1 $18) 15... Qxd5 16. Bxd5 Rd8 17. Nc7 {Lg2 ist eine echte Drohung.} Bh3 {Und ...Tac8 würde nun gewinnen.} 18. Bg2 $36 {[%mdl 2048] Weiss ist am Drücker.} ({Ein No Go ist} 18. Bxb7 $6 Bxf1 19. Bxa8 Bxe2 $11) 18... Bxg2 19. Kxg2 Rac8 20. Bxa7 Na4 $146 {[#]} (20... Be5 $16) 21. Nd5 $1 $18 {[%mdl 512]} Rxc1 (21... Rxd5 22. Rxc8+) 22. Nxf6+ gxf6 23. Rxc1 {[%mdl 4096] Endspiel KTL-KTS} Rd2 24. Be3 Rxe2 25. Bh6 {jetzt Tc8+ und aus.} Nb6 (25... Re8 $142 26. Rc4 Ra8 27. Rg4+ Kh8 28. Bg7+ Kg8) 26. Rc7 Re8 27. Rxb7 Nc4 28. a4 {[%cal Ba2a4,Ba4a5,Ba5a6][%mdl 32]} Nd6 29. Rb6 Nf5 30. Rxf6 Nxh6 31. Rxh6 {KT-KT} Re2 (31... Ra8 {war nötig.} 32. Rh4 f6) 32. a5 Ra2 33. a6 Kg7 34. Rb6 Ra3 35. g4 {[%cal Bg3g4,Bg4g5,Bg5h6][%mdl 32]} Kf8 (35... h5 $142 36. gxh5 Kh7) 36. f3 Ra5 37. Kg3 Ra4 38. h4 Kg7 39. g5 h5 40. gxh6+ Kh7 41. Rf6 Kg8 42. f4 Ra3+ 43. Kg4 Ra5 44. Kf3 Ra4 45. Ke3 Ra3+ 46. Kd4 Ra1 47. Kc5 Rb1 48. a7 1-0

[Event "ISEM GM URLA-CESMEALTI 2017"]
[Site "URLA"]
[Date "2017.03.08"]
[Round "2"]
[White "Yilmazyerli, Mert"]
[Black "Bagaturov, Giorgi"]
[Result "1/2-1/2"]
[WhiteElo "2452"]
[BlackElo "2428"]
[Annotator "TA"]
[PlyCount "105"]
[EventDate "2017.??.??"]
[EventType "schev"]
[EventCountry "TUR"]
[SourceTitle "playchess.com"]
[Source "ChessBase"]
[SourceQuality "1"]

{[%evp 12,105,10,0,10,16,29,13,20,0,27,23,29,27,28,-12,20,8,16,9,31,7,26,16,17,16,22,14,1,2,15,20,12,-14,18,18,50,38,53,53,45,-14,-4,-8,14,0,10,0,0,0,5,23,2,-37,15,12,9,8,8,14,19,19,14,21,83,86,133,40,45,19,46,47,48,-27,-26,-33,0,0,51,-25,-25,-24,-28,-29,0,-42,0,-32,0,-27,0,-31,0,-68,0,-68]} 1. d4 Nf6 2. Nf3 g6 3. Bg5 Bg7 4. Nbd2 O-O 5. c3 d5 6. e3 Nbd7 7. Bd3 {LiveBook: 134 Games} Qe8 {D03: 1 d4 d5 2 Nf3 Nf6 3 Bg5, including Torre Attack with early ...d5} (7... Re8 8. O-O e5 9. dxe5 Nxe5 10. Nxe5 Rxe5 11. Bf4 Re8 12. h3 c5 13. Nf3 b6 14. Qc2 Bb7 15. Bb5 Rf8 16. Rfd1 a6 17. Bf1 b5 18. a4 Qb6 19. axb5 axb5 {½-½ (101) Radjabov,T (2713)-Giri,A (2734) Beijing 2013}) 8. Bf4 c6 {[%cal Bc7c6,Bc6c5][%mdl 32]} 9. O-O Nh5 10. Bc7 b6 $146 (10... e5 11. Be2 e4 12. Ne1 f5 13. Bxh5 gxh5 14. g3 h4 15. gxh4 Nf6 16. Ng2 Kh8 17. Kh1 Be6 18. Bg3 Bf7 19. Rg1 Bh5 20. Qf1 Ng4 21. h3 Nf6 {½-½ (21) Jones,I (2235)-Massana,J (2240) Moscow 1994}) 11. Re1 Bb7 12. h3 c5 13. e4 dxe4 14. Nxe4 {[#] aiming for Nd6!} Qc8 15. Bh2 Nhf6 16. Ned2 Re8 17. Qe2 a6 18. Ne5 b5 19. Ndf3 Nxe5 20. dxe5 Nd5 21. Rad1 Nc7 22. c4 Bc6 23. Ng5 Ne6 24. Nxe6 ({Reject} 24. cxb5 Nd4 25. Qe3 axb5 $11) 24... Qxe6 25. b3 Red8 26. Bc2 ({Better is} 26. Bf4 $14) 26... bxc4 $11 27. bxc4 Rab8 28. Qe3 Qxc4 29. Bb3 Qb4 {White must now prevent ...c4.} 30. e6 f5 31. Bxb8 Rxb8 32. Bd5 Bxd5 (32... Bd4 $15 33. Qb3 Qxb3 34. Bxb3 a5) 33. Rxd5 {Threatens to win with a3.} Bd4 34. Qc1 Qb2 35. Qf4 $1 Re8 36. a4 Qb4 37. Rf1 Qxa4 {[#]} (37... Qb6 $11) 38. Rxc5 $1 $16 {[%mdl 512]} Rd8 (38... Bxc5 39. Qxa4) 39. Qc7 ({White should try} 39. Rc7 $16 Qe8 40. Rb1) 39... Bxc5 $14 40. Qxd8+ {[%mdl 4096] Endgame KQR-KQB} Kg7 41. Qc7 Qd4 42. Qc8 ({White should play} 42. Qa5 $14) 42... a5 $11 {[%cal Ba6a5,Ba5a4][%mdl 32]} 43. Qe8 Qf6 {[%mdl 1024] Black has compensation.} 44. Qd7 Qd4 (44... Qb2 $11) 45. Qe8 (45. Qxd4+ $1 $14 Bxd4 46. Rc1) 45... a4 46. Qf7+ Kh6 47. Qf8+ Qg7 48. Qc8 Qd4 49. Qf8+ Qg7 50. Qc8 Qd4 51. Qf8+ Qg7 52. Qc8 (52. Qxg7+ $11 Kxg7 53. Rb1) 52... Qd4 53. Qf8+ 1/2-1/2

[Event "ISEM GM URLA-CESMEALTI 2017"]
[Site "URLA"]
[Date "2017.03.08"]
[Round "2"]
[White "Arat, Ufuk Sezen"]
[Black "Nevednichy, Vladislav"]
[Result "1/2-1/2"]
[WhiteElo "2382"]
[BlackElo "2547"]
[Annotator "TA"]
[PlyCount "140"]
[EventDate "2017.??.??"]
[EventType "schev"]
[EventCountry "TUR"]
[SourceTitle "playchess.com"]
[Source "ChessBase"]
[SourceQuality "1"]

{[%evp 30,140,85,53,82,82,84,47,66,23,45,48,32,14,47,47,55,18,27,12,9,-49,-42,-51,0,0,0,0,0,0,54,66,71,60,64,64,260,250,283,288,305,102,199,96,83,77,63,68,75,56,54,48,76,36,56,46,65,64,65,0,0,0,67,67,74,31,31,39,41,44,129,8,118,114,105,84,77,0,0,0,68,26,91,0,22,22,22,23,129,0,0,0,0,0,0,0,25,10,19,20,16,0,0,0,0,0,0,0,0,0,0,0,0]} 1. d4 Nf6 2. c4 g6 3. Nf3 Bg7 4. g3 O-O 5. Bg2 d6 6. O-O c6 7. Nc3 Qa5 8. e4 e5 9. h3 Nbd7 10. Re1 exd4 11. Nxd4 Ne5 12. Bf1 Re8 13. Be3 c5 {E69: King's Indian: Fianchetto: 6...Nbd7 7 0-0 e5 8 e4 c6 9 h3} (13... Nxe4 14. Nxe4 Nxc4 15. Bf4 Ne5 16. Nxd6 Rd8 17. Bxe5 Bxe5 18. Nc4 Qxe1 19. Qxe1 Bxd4 20. Qe7 Bd7 21. Rd1 {1-0 (39) Xiong,J (2627)-Morovic Fernandez,I (2572) Varadero 2016}) 14. Nb3 Qd8 15. f4 Nc6 16. Bf2 {LiveBook: 3 Games} a6 17. Qd2 Bf8 18. Bg2 $146 (18. Rad1 Nd7 19. Qd3 Nb6 20. Nd2 Be6 21. b3 {1-0 (37) L'Ami,E (2631)-Bekker Jensen,D (2286) Germany 2013}) 18... Be6 19. Nd5 a5 20. Rad1 a4 21. Na1 Bg7 22. Nc2 Na5 23. Na3 Nxd5 24. cxd5 Bd7 25. e5 (25. Bf1 $11) 25... dxe5 $15 26. Bxc5 b6 (26... exf4 $15 27. Rxe8+ Qxe8 28. Qxf4 Bxb2) 27. Bb4 $11 Rc8 28. d6 exf4 29. Qxf4 Nc6 (29... Rxe1+ $11 30. Rxe1 Be6) 30. Bc3 $14 Rxe1+ 31. Rxe1 Bxc3 32. bxc3 Be6 $2 (32... b5 $1 $14) 33. Nb5 $18 Qd7 34. Nc7 $1 (34. Qxa4 Na7 35. Qxa7 Qxb5 $11) 34... Rd8 (34... Bxh3 $2 35. Nd5 Kg7 36. Qf6+ Kg8 {[#]} 37. Re7 $1 $18 {[%mdl 512]}) (34... Bxa2 35. Bd5 Bxd5 36. Nxd5 Qxh3 37. d7 $18 (37. Nxb6 Rb8 38. Nd5 Qf5 39. Qxf5 gxf5 $11)) 35. Qxa4 $2 (35. Nxe6 $18 {and the rest is easy.} fxe6 36. Qg5 (36. Qxa4 Ne5 37. Qd4 Nf7 $16)) 35... Nb8 (35... Qxd6 $2 36. Nxe6 (36. Qxc6 $2 Qxg3 37. Rf1 Rc8 38. Qxb6 Rxc7 $19) 36... Qxg3 37. Rf1 Qe3+ 38. Kh1 Qxe6 39. Qxc6 $18) (35... Na5 $16 36. Qxd7 Bxd7) 36. Qxd7 (36. Qd4 $1 $18 {is the precise move to win.} Qxd6 37. Nxe6 fxe6 {[#]} 38. Rxe6 $1 {[%mdl 512]} Qxd4+ 39. cxd4) 36... Nxd7 $16 (36... Rxd7 $2 37. Nxe6 fxe6 38. Rxe6 $18) (36... Bxd7 $2 37. Rb1 $18) 37. Nxe6 fxe6 38. Rxe6 $18 {[%mdl 4096] Endgame KRB-KRN} Nc5 39. Re2 Rxd6 40. c4 Kf7 41. Kf2 Rd1 42. h4 h5 43. Bd5+ Kf6 44. Ke3 ({White should try} 44. Kg2 $14) 44... Rd3+ $11 45. Kf2 (45. Kf4 $11) 45... Rd1 $14 46. Kg2 Nd3 47. Re6+ Kf5 48. Rxb6 Rd2+ 49. Kf3 Ne5+ 50. Ke3 Rd3+ (50... Rxd5 $1 $11 {keeps the balance.} 51. cxd5 Nc4+ 52. Kd4 Nxb6) 51. Ke2 $16 {Rxg6! is the strong threat.} Rxg3 52. c5 {Black must now prevent c6.} Rc3 53. c6 (53. Rb5 $16 {And now c6 would win.} Kg4 54. Rb4+ Kf5 55. Be4+ Kf6 56. Rb6+ Ke7 57. a4 (57. Bxg6 Nxg6 58. Rxg6 Rxc5 $11)) 53... Rc5 $11 54. Bg2 Ke6 (54... Rc2+ $11 55. Kd1 Rxg2) 55. Be4 Kd6 {[#]} (55... Rc4 $11 56. Ke3 Ng4+ 57. Kf3 Ne5+ 58. Kf4 Kd6) 56. Rb7 (56. Rb4 $1 $16) 56... Ra5 ({Don't capture} 56... Nxc6 $2 57. Rb6 (57. Bxg6 Rc4 $11) 57... g5 58. hxg5 Rxg5 59. Rxc6+ $18) 57. Ke3 {Strongly threatening Kf4.} Rxa2 ({Not} 57... Nxc6 $2 58. Rb6 $18 (58. Bxg6 Rxa2 59. Be4 Ra3+ 60. Kf4 Ra4 $11)) 58. c7 Kd7 (58... Ra3+ $11 59. Kf4 Rc3) 59. Kf4 (59. Kd4 $16 Ng4 60. Bxg6) 59... Ra5 60. c8=Q+ Kxc8 61. Re7 Nd7 62. Bxg6 Kd8 63. Re8+ Kc7 {The position is equal.} 64. Bf5 Nf6 65. Re5 Rxe5 66. Kxe5 Ng4+ 67. Bxg4 hxg4 68. Kf4 {White wants to mate with h5.} Kd7 69. Kxg4 Ke7 70. h5 Kf6 1/2-1/2

[Event "ISEM GM URLA-CESMEALTI 2017"]
[Site "URLA"]
[Date "2017.03.08"]
[Round "2"]
[White "Yurtseven, Melih"]
[Black "Petkov, Vladimir"]
[Result "1-0"]
[WhiteElo "2316"]
[BlackElo "2501"]
[Annotator "TA"]
[PlyCount "75"]
[EventDate "2017.??.??"]
[EventType "schev"]
[EventCountry "TUR"]
[SourceTitle "playchess.com"]
[Source "ChessBase"]
[SourceQuality "1"]

{[%evp 14,75,-14,-15,22,20,46,37,23,30,26,24,31,21,45,36,85,79,91,81,118,112,171,133,135,28,34,16,8,14,61,73,115,46,54,58,58,49,63,58,79,79,94,95,135,72,120,108,264,249,460,433,503,391,1295,1287,1191,1169,1145,1067,1416,1381,1408,1255]} 1. e4 e5 2. Nf3 Nc6 3. d4 exd4 4. Nxd4 Bc5 5. Nb3 Bb6 6. Nc3 Nf6 7. Bg5 h6 8. Bh4 d6 {C45: Scotch Game} (8... Qe7 9. Bc4 g5 10. Bg3 d6 11. Qe2 Bd7 12. O-O-O O-O-O 13. Rhe1 Ne5 14. Nd4 Rhe8 15. Bb3 Kb8 16. Kb1 {1-0 (46) Dominguez Perez,L (2739)-Fressinet,L (2672) Doha 2016}) 9. Qe2 Ne5 10. Nd5 $146 (10. O-O-O Be6 11. f4 Ng6 12. f5 Nxh4 13. fxe6 Ng6 14. Qb5+ Kf8 15. exf7 Ne5 16. Nd4 {½-½ (52) Tsydypov,Z (2468)-Pridorozhni,A (2568) Moscow 2017}) 10... g5 {Threatens to win with ...Nxd5.White is slightly better.} 11. Nxb6 axb6 12. Bg3 Bd7 13. h4 {Black must now prevent hxg5.} Ra4 14. Nd2 Rg8 15. hxg5 hxg5 16. a3 b5 {[%cal Bb6b5,Bb5b4,Bb4a3][%mdl 32] [#]} 17. O-O-O $1 Qa8 (17... b6 $16) 18. f3 b4 19. Bxe5 (19. Kb1 $16) 19... dxe5 $11 20. Kb1 {With the idea Qc4.} bxa3 21. b3 $1 {[%cal Rb3a4]} Ra6 22. Nc4 Re6 23. Rh6 ({White should play} 23. Qd2 $16) 23... b5 $14 {[#]} 24. Nxe5 $1 {[%mdl 512]} Rxe5 25. Rxf6 {Strongly threatening Qd3.} Ke7 26. Rh6 {aiming for Qd3.} Rh8 27. Rxh8 Qxh8 28. Qe3 c5 29. c3 (29. Ka2 $142) 29... Qb8 30. g3 {[%cal Bg2g3,Bg3f4,Bf4f5][%mdl 32] f4 is the strong threat.} Be6 $2 (30... Qb6 $16) 31. f4 $18 gxf4 $2 (31... Bxb3 {might work better.} 32. fxe5 Bxd1) 32. gxf4 Rh5 33. f5 Bxb3 $2 (33... a2+ 34. Ka1 Bxb3) 34. Qxc5+ {White is clearly winning.} Kf6 35. Rd6+ Kg7 {[#]} 36. Qe5+ $1 ({Not} 36. Qxa3 $2 Rh1 37. Kb2 Bc4 38. f6+ Kg6 $19) 36... Kh7 {[#]} 37. Rh6+ $1 {[%mdl 512]} Rxh6 38. Qxb8 1-0

[Event "ISEM GM URLA-CESMEALTI 2017"]
[Site "URLA"]
[Date "2017.03.08"]
[Round "2"]
[White "Gokerkan, Cem Kaan"]
[Black "Basso, Pier Luigi"]
[Result "1/2-1/2"]
[WhiteElo "2275"]
[BlackElo "2462"]
[Annotator "TA"]
[PlyCount "90"]
[EventDate "2017.??.??"]
[EventType "schev"]
[EventCountry "TUR"]
[SourceTitle "playchess.com"]
[Source "ChessBase"]
[SourceQuality "1"]

{[%evp 18,90,20,17,13,4,18,17,11,17,18,17,41,24,14,-23,-18,-29,33,0,-8,-33,-31,-28,-39,-38,48,44,56,10,7,9,18,11,10,12,116,52,79,0,0,0,0,0,29,37,72,68,60,50,55,70,69,0,0,0,0,0,0,0,0,0,0,0,0,0,0,0,0,0,0,0,0,0,0]} 1. e4 c6 2. Nc3 d5 3. Nf3 Nf6 4. e5 Ne4 5. Ne2 Qb6 {B11: Caro-Kann: Two Knights Variation} 6. d4 e6 7. Nfg1 (7. Ng3 c5 8. Bd3 Nc6 9. Nxe4 dxe4 10. Bxe4 cxd4 11. O-O Bd7 12. a3 h6 13. Re1 {1-0 (71) Short,N (2675)-Caruana,F (2827) Caleta 2017}) 7... f6 8. f3 Ng5 9. exf6 gxf6 10. f4 {LiveBook: 41 Games} Ne4 11. Ng3 Bd7 12. Nxe4 dxe4 13. c3 c5 $146 {next ...cxd4 is good for Black.} 14. d5 exd5 {Hoping for ...Qe6.} 15. Qxd5 {White wants to play Bc4.} Nc6 $1 16. Qh5+ Kd8 17. Bc4 {[#]} Na5 (17... Nb4 $1 $11 {[%mdl 512]} 18. Qe2 {[#]} (18. cxb4 Qxb4+) 18... Nd3+ $1 {[%mdl 512]} 19. Kf1 Qc6 20. Bxd3 exd3 21. Qxd3 Kc7) 18. Bd5 f5 19. b3 Qg6 20. Qxg6 hxg6 21. Be3 Bd6 (21... Ke8 $15) 22. Nh3 $14 Bc6 23. Rd1 Ke7 24. Ng5 {With the idea Nf7.} Bxd5 $1 25. Rxd5 b6 26. h4 Rh5 (26... Raf8 $11 {remains equal.}) 27. Ke2 (27. g4 $16 fxg4 28. Kf2) 27... Rd8 {[#]} 28. g3 (28. g4 $1 $16 {[%cal Rg4h5]} fxg4 29. f5) 28... Nc6 $11 29. Rhd1 Bc7 30. Rxd8 Bxd8 31. a3 Na5 32. b4 Nc4 33. bxc5 {aiming for c6.} Nxe3 34. Kxe3 {c6 is the strong threat.} bxc5 $14 {[%mdl 4096] Endgame KRB-KRN} 35. Nf7 (35. Rd5 $14) 35... Bc7 {The position is equal.} ({Reject} 35... Kxf7 $6 36. Rxd8 Kg7 37. Rd7+ Kf6 38. Rd6+ (38. Rxa7 Rh8 $14) 38... Kf7 39. Rd8 $14) 36. Ne5 Bxe5 37. fxe5 $11 {KR-KR} g5 $1 {[%cal Rg5h4]} 38. hxg5 $1 Rxg5 39. Kf4 Rg4+ 40. Kxf5 Rxg3 41. Kxe4 {And now Rd3 would win.} Rxc3 42. Rd3 Rxd3 43. Kxd3 Ke6 44. Kc4 Kxe5 {( -> ...Kd6)} 45. Kxc5 a5 1/2-1/2

[Event "ISEM GM URLA-CESMEALTI 2017"]
[Site "URLA"]
[Date "2017.03.09"]
[Round "3"]
[White "Malakhatko, Vadim"]
[Black "Dedebas, Emre Emin"]
[Result "1-0"]
[WhiteElo "2488"]
[BlackElo "2342"]
[Annotator "TA"]
[PlyCount "89"]
[EventDate "2017.??.??"]
[EventType "schev"]
[EventCountry "TUR"]
[SourceTitle "playchess.com"]
[Source "ChessBase"]
[SourceQuality "1"]

{[%evp 10,89,7,-8,10,3,15,7,23,0,0,0,0,10,6,0,0,0,66,74,63,64,74,38,149,63,134,67,75,72,70,74,75,70,245,237,243,246,267,249,251,196,194,190,186,148,229,188,231,190,279,246,266,271,274,259,424,429,418,416,432,403,487,487,604,560,639,628,631,631,629,597,570,564,697,703,755,754,740,729,2258,2160]} 1. c4 e5 2. Nc3 Bb4 3. Nf3 Nc6 4. d3 {A27: English Opening: Three Knights Variation} Bxc3+ 5. bxc3 d6 6. g3 {LiveBook: 4 Games. The position is equal.} Nge7 7. Bg2 Be6 (7... O-O 8. O-O h6 9. d4 Ng6 10. e4 b6 11. Re1 Ba6 12. Bf1 Na5 13. Nd2 c5 14. d5 Bc8 15. Bd3 f5 16. exf5 Bxf5 17. Bxf5 Rxf5 {1-0 (51) Jones,G (2637)-Grandelius,N (2566) Reykjavik 2013}) 8. Rb1 Rb8 9. Ng5 $146 (9. O-O h6 10. Ne1 Qd7 11. e4 O-O 12. Nc2 f5 13. exf5 Nxf5 {0-1 (32) Porras Mateo,F (2248)-Bru Rullo,L (2199) Barcelona 2016}) 9... Bd7 10. f4 h6 11. Nf3 exf4 12. gxf4 Ng6 13. O-O Nh4 ({Black should play} 13... O-O $11) 14. Nxh4 $14 Qxh4 15. f5 Ne5 16. Bf4 Qh5 {[#]} (16... Qg4 $14) 17. c5 (17. d4 $1 $16 {[%cal Rd4e5]} Nxc4 18. Qd3) 17... O-O {[#]} ({Don't play} 17... Qxf5 18. d4 Ng6 19. Bg3 $16) ({Black should try} 17... b5 $1 $14) 18. cxd6 ({Better is} 18. d4 $1 $16 {Black must now prevent cxd6.} Nc4 19. Qd3) 18... cxd6 19. d4 Nc4 20. Qd3 b5 21. e4 $36 {[%mdl 2048] And now Qg3 would win. White fights for an advantage.} Rbc8 $2 (21... Qh4 $14) 22. Qg3 $18 {Hoping for Bf3.} g5 23. Bxd6 Nxd6 24. Qxd6 Rfd8 25. Qg3 Qh4 26. Qxh4 gxh4 27. Rb3 Rc4 (27... a5 $16 28. Rfb1 f6) 28. Rf3 a6 29. Kf2 Rb8 (29... Ra4 $142) 30. a3 a5 31. Bf1 Rc7 {[#]} 32. c4 $1 {[%cal Bc3c4,Bc4c5][%mdl 544]} b4 $2 (32... Re8 {was called for.} 33. Ke3 bxc4) (32... bxc4 33. Rxb8+) 33. axb4 axb4 ({Of course not} 33... Rxb4 34. Rxb4 axb4 35. Rb3 $18) 34. c5 Ba4 35. Rb2 b3 36. Rc3 {White is clearly winning.} Rb4 37. Rc4 Rcb7 38. Ke3 Kg7 39. Kd2 Kf6 40. Rxb4 Rxb4 41. Kc3 Rb8 42. Bc4 Re8 43. e5+ Kxf5 44. Bxf7 Rf8 45. Bxb3 1-0

[Event "ISEM GM URLA-CESMEALTI 2017"]
[Site "URLA"]
[Date "2017.03.09"]
[Round "3"]
[White "Petrov, Marian"]
[Black "Yilmazyerli, Mert"]
[Result "1/2-1/2"]
[WhiteElo "2480"]
[BlackElo "2452"]
[Annotator "TA"]
[PlyCount "20"]
[EventDate "2017.??.??"]
[EventType "schev"]
[EventCountry "TUR"]
[SourceTitle "playchess.com"]
[Source "ChessBase"]
[SourceQuality "1"]

{[%evp 8,20,28,15,24,-11,30,12,6,6,18,15,15,10,9]} 1. e4 g6 2. d4 Bg7 3. Nf3 d6 4. Be3 Nf6 5. Nbd2 {LiveBook: 3 Games. B06: Modern Defence} (5. Nc3 a6 6. Qd2 O-O 7. Bd3 Nc6 8. h3 e5 9. d5 Ne7 10. O-O-O b5 11. Bh6 b4 12. Bxg7 Kxg7 13. Ne2 c6 14. dxc6 Nxc6 15. Bc4 Qb6 16. Ng3 Na5 17. Bb3 Nxb3+ 18. axb3 Re8 {0-1 (38) Bok,B (2608)-Smirin,I (2667) Wijk aan Zee 2017}) 5... O-O 6. Be2 Nc6 7. h3 $146 (7. c3 e5 8. Qc2 a6 9. Nc4 b5 10. dxe5 Ng4 11. Bg5 Qd7 12. Ne3 Ncxe5 13. Nxe5 Nxe5 {1-0 (22) Pham T Thu,H-Thai Nguyen Minh,T Vietnam 2002}) 7... e5 {The position is equal.} 8. dxe5 Nxe5 9. Nxe5 dxe5 10. c3 Be6 1/2-1/2

[Event "ISEM GM URLA-CESMEALTI 2017"]
[Site "URLA"]
[Date "2017.03.09"]
[Round "3"]
[White "Khamrakulov, Djurabek"]
[Black "Ozer, Omer Faruk"]
[Result "1/2-1/2"]
[WhiteElo "2437"]
[BlackElo "2373"]
[Annotator "TA"]
[PlyCount "21"]
[EventDate "2017.??.??"]
[EventType "schev"]
[EventCountry "TUR"]
[SourceTitle "playchess.com"]
[Source "ChessBase"]
[SourceQuality "1"]

{[%evp 10,21,1,-1,-4,-11,11,-2,10,-18,0,0,0,0]} 1. d4 d5 2. Nf3 Nf6 3. Bf4 Bf5 4. Nbd2 e6 5. e3 Bd6 6. Bg3 {The position is equal.} O-O {D02: 1 d4 d5 2 Nf3 sidelines, including 2...Nf6 3 g3 and 2...Nf6 3 Bf4} 7. Be2 Ne4 (7... c5 8. c3 Nc6 9. Ne5 Bxe5 10. dxe5 Nd7 11. f4 Qb6 12. Qb3 c4 13. Qxb6 axb6 14. e4 dxe4 15. Nxc4 {½-½ (54) Golubov,S (2481)-Morozevich,A (2683) Moscow 2016}) 8. Nxe4 Bxe4 9. Qd2 $146 (9. O-O Bxg3 10. hxg3 Nd7 11. c4 dxc4 12. Bxc4 Qf6 13. Rc1 Rfd8 14. Nd2 {½-½ (29) Sosna,J (2367)-Michenka,J (2371) Czechia 2014}) 9... Nc6 10. a3 Qe7 11. Bxd6 1/2-1/2